000
00283nam a22001337a 4500
008
170301b xxu||||| |||| 00| 0 eng d
020
_a
03975131216
041
_a
eng
080
_2
4TH
_a
616.8-006
100
_a
6
101
_a
SHM
245
_a
CANCER
_c
DEVITA, V.T
942
_2
udc
_c
BK
999
_c
6456
_d
6456